भारतीय संस्कृति पौराणिक प्रभाव / (Record no. 197709)

MARC details
000 -LEADER
fixed length control field 00896nam a22002177a 4500
005 - DATE AND TIME OF LATEST TRANSACTION
control field 20230831115919.0
010 ## - LCCN (DPL NO)
LC control number HIN-125731
020 ## - INTERNATIONAL STANDARD BOOK NUMBER
Terms of availability 380.00
035 ## - SYSTEM CONTROL NUMBER
System control number HN-98077
037 ## - SOURCE OF ACQUISITION
Source of stock number/acquisition DBAD/PUB
082 ## - DEWEY DECIMAL CLASSIFICATION NUMBER
Classification number 306.0954
100 ## - MAIN ENTRY--PERSONAL NAME
Personal name चतुरसेन, आचार्य
245 ## - TITLE STATEMENT
Title भारतीय संस्कृति पौराणिक प्रभाव /
Statement of responsibility, etc आचार्य चतुरसेन
260 ## - PUBLICATION, DISTRIBUTION, ETC. (IMPRINT)
Name of publisher, distributor, etc शिलालेख पब्लिशर्स
Date of publication, distribution, etc 2022
Place of publication, distribution, etc दिल्ली
270 ## - ADDRESS
Address 4/32 ग्राउंड फ्लोर सुभाष गली विश्वाश नगर शाहदरा
City दिल्ली
Postal code 110032
300 ## - PHYSICAL DESCRIPTION
Extent 179 पृ.
Dimensions 23 सेमी(सजिल्द )
650 ## - SUBJECT ADDED ENTRY--TOPICAL TERM
General subdivision
Geographic subdivision
650 ## - SUBJECT ADDED ENTRY--TOPICAL TERM
Form subdivision
700 ## - ADDED ENTRY--PERSONAL NAME
9 (RLIN) 55533
942 ## - ADDED ENTRY ELEMENTS (KOHA)
Source of classification or shelving scheme Dewey Decimal Classification
Item type Hindi Books
Classification part 306.0954
Call number suffix चतुर
Holdings
Withdrawn status Lost status Not for loan Collection code Home library Current library Date acquired Source of acquisition Cost, normal purchase price Full call number Barcode Copy number Cost, replacement price Koha item type
      Non-fiction Central Jail Tihar Central Jail Tihar 31/08/2023 DBAD/PUB 380.00 306.0954 चतुर HN-98077 1 380.00 Hindi Books

© Delhi Public Library
Hit Counter
free hit counter